Groupware : collaborative strategies for corporate LANs and intranets
Αποθηκεύτηκε σε:
| Άλλοι συγγραφείς: | |
|---|---|
| Μορφή: | Βιβλίο |
| Γλώσσα: | English |
| Δημοσίευση: |
Upper Saddle River, NJ :
Prentice Hall,
c1997
|
| Θέματα: | |
| Ετικέτες: |
Προσθήκη ετικέτας
Δεν υπάρχουν, Καταχωρήστε ετικέτα πρώτοι!
|
MARC
| LEADER | 00000nam a2200000 i 4500 | ||
|---|---|---|---|
| 001 | 1/67245 | ||
| 008 | 990120s1997 eng d | ||
| 020 | |a 0137277288 | ||
| 035 | |l 10047443 | ||
| 040 | |a GR-MY-UA |b gre |e aacr | ||
| 041 | 0 | |a eng | |
| 082 | 0 | |a 651.79 | |
| 245 | 1 | 0 | |a Groupware : |b collaborative strategies for corporate LANs and intranets / |c [edited by] David Coleman ; [foreword by Eric Hahn] |
| 260 | |a Upper Saddle River, NJ : |b Prentice Hall, |c c1997 | ||
| 300 | |a xix, 699 p.; |b ill.; |c 24 cm. | ||
| 500 | |a Includes bibliography and index | ||
| 650 | 0 | 0 | |a Groupware (Computer software) |
| 650 | 0 | 0 | |a Intranets (Computer networks) |
| 700 | 1 | |a Coleman, David |d 1954- |4 edt | |
| 852 | |a INST |b SAMOS |e 19990120 |h 651.79 GRO |p 005300013557 |q 005300013557 |t BK |y 0 | ||
| 901 | |a BIBL-1999-1 | ||
| 909 | |a Σ |b 061825 | ||
| 922 | |a 3ΕΛΗ |b 199812 |c ΤΠΕΣ |d ΠΑΠΑΣΩΤΗΡΙΟΥ | ||